Protest, repression and political regimes : (Record no. 7437)

MARC details
000 -LEADER
fixed length control field 00815nam a22002297a 4500
003 - CONTROL NUMBER IDENTIFIER
control field OSt
005 - DATE AND TIME OF LATEST TRANSACTION
control field 20211111092848.0
008 - FIXED-LENGTH DATA ELEMENTS--GENERAL INFORMATION
fixed length control field 211111b ||||| |||| 00| 0 eng d
020 ## - INTERNATIONAL STANDARD BOOK NUMBER
International Standard Book Number 9780415424844
040 ## - CATALOGING SOURCE
Transcribing agency DDC
082 ## - DEWEY DECIMAL CLASSIFICATION NUMBER
Classification number 320 CAR 2009
100 ## - MAIN ENTRY--PERSONAL NAME
Personal name Carey, Sabine C.
9 (RLIN) 15239
245 ## - TITLE STATEMENT
Title Protest, repression and political regimes :
Remainder of title an empirical analysis of Latin America and Sub-Saharan Africa
260 ## - PUBLICATION, DISTRIBUTION, ETC. (IMPRINT)
Place of publication, distribution, etc. New York :
Name of publisher, distributor, etc. Routledge,
Date of publication, distribution, etc. 2009
300 ## - PHYSICAL DESCRIPTION
Extent ix, 138 p. :
Other physical details ill. ;
Dimensions 24 cm
504 ## - BIBLIOGRAPHY, ETC. NOTE
Bibliography, etc Includes bibliographical references
650 ## - SUBJECT ADDED ENTRY--TOPICAL TERM
Topical term or geographic name as entry element Political persecution -- Latin America
9 (RLIN) 15240
650 ## - SUBJECT ADDED ENTRY--TOPICAL TERM
Topical term or geographic name as entry element Political persecution -- Africa, Sub-Saharan
9 (RLIN) 15241
650 ## - SUBJECT ADDED ENTRY--TOPICAL TERM
Topical term or geographic name as entry element Protest movements -- Latin America
9 (RLIN) 15242
650 ## - SUBJECT ADDED ENTRY--TOPICAL TERM
Topical term or geographic name as entry element Human rights -- Africa, Sub-Saharan
9 (RLIN) 15243
942 ## - ADDED ENTRY ELEMENTS (KOHA)
Source of classification or shelving scheme Dewey Decimal Classification
Koha item type Book
Holdings
Withdrawn status Lost status Source of classification or shelving scheme Damaged status Not for loan Home library Current library Date acquired Source of acquisition Inventory number Total Checkouts Full call number Barcode Date last seen Price effective from Koha item type
    Dewey Decimal Classification     MUST Main Library MUST Main Library 11/11/2021 Purchase 2015/39134   320 CAR 2009 2021-1642 11/11/2021 11/11/2021 Book